| 000 | 00395nam a2200145Ia 4500 | ||
|---|---|---|---|
| 008 | 241014s9999||||xx |||||||||||||| ||und|| | ||
| 020 | _a1-57439-222-0 | ||
| 060 | _aQV 39 H 2005 | ||
| 100 | _aPhilip D. Hansten, John R. Horn | ||
| 245 | 0 | _aManaging Clinically Important Drug Interaction. | |
| 260 |
_bFacts and Comparisons _c2005 |
||
| 300 | _a713 | ||
| 650 | _aPharmacology | ||
| 942 |
_bDIMC _cBK |
||
| 999 |
_c9818 _d9818 |
||